000 00476nam a22001817a 4500
003 OSt
005 20250909125246.0
008 250909b |||||||| |||| 00| 0 eng d
020 _a9781594527975
040 _aSEKU
100 _aMisiko, Ron
245 _aThe divorce dilemma/
_bEquipping you to minister with grace and truth
260 _aIndia:
_bOasis International publishing;
_c2022.
300 _a216p.;,
650 _aChurch
651 _aDivorce
942 _2lcc
_cGEN
999 _c18619
_d18619